| 000 | 00380nam a2200133Ia 4500 | ||
|---|---|---|---|
| 008 | 230917s9999||||xx |||||||||||||| ||und|| | ||
| 040 |
_e108868 _aMAIN |
||
| 041 | _aEnglish | ||
| 082 | _a616.853 P21A | ||
| 100 | _aSood, A K | ||
| 245 | 0 | _aAssess the role of to piramate as an add on drug for the control of repractory epilepsy: Malhotra, Parveen | |
| 300 | _a92 p. | ||
| 942 | _cTH | ||
| 999 |
_c89217 _d89217 |
||